[Event "SLO-chT Central 22nd"]
[Site "Slovenia"]
[Date "2021.10.28"]
[Round "7.2"]
[White "Juhant, Igor"]
[Black "Osolin, Bojan"]
[Result "1-0"]
[WhiteElo "2009"]
[BlackElo "2094"]
[PlyCount "85"]
[EventDate "2021.09.16"]
[EventType "team-tourn"]
[EventRounds "7"]
[EventCountry "SLO"]
[SourceTitle "EXT 2024"]
[Source "ChessBase"]
[SourceDate "2023.10.10"]
[SourceVersion "1"]
[SourceVersionDate "2023.10.10"]
[SourceQuality "1"]
[WhiteTeam "Komenda Popotnik"]
[BlackTeam "Domzale SD"]
[WhiteTeamCountry "SLO"]
[BlackTeamCountry "SLO"]

1. e4 e5 2. Nc3 Nf6 3. f4 d5 4. fxe5 Nxe4 5. Nf3 Nc6 6. Qe2 Nxc3 7. dxc3 Be7 8. Bf4 0-0 9. 0-0-0 Bg4 10. Qe3 f6 11. Bc4 Qc8 12. Bxd5+ Kh8 13. exf6 Bxf6 14. Bg5 Qf5 15. Bxf6 Qxf6 16. Rhe1 Bh5 17. Kb1 Rae8 18. Qc5 Bg6 19. Bxc6 bxc6 20. Ne5 Bh5 21. g4 Bg6 22. g5 Qf5 23. Nxg6+ Qxg6 24. Rf1 Qd6 25. Rxf8+ Rxf8 26. Qg1 Qe5 27. h4 c5 28. h5 Re8 29. a3 Kg8 30. Qg4 a5 31. Qc4+ Kh8 32. Rd5 Qh2 33. g6 hxg6 34. hxg6 Qg1+ 35. Ka2 Qxg6 36. Rxc5 Re4 37. Qd5 Kh7 38. Rxa5 c6 39. Qd1 Qe6+ 40. b3 Rh4 41. a4 Qf6 42. Qd3+ g6 43. Qe3 1-0

[Event "SLO-chT NML 31st"]
[Site "Ptuj/Grosuplje"]
[Date "2021.10.09"]
[Round "2.5"]
[White "Osolin, Bojan"]
[Black "Diermair, Andreas"]
[Result "0-1"]
[WhiteElo "2094"]
[BlackElo "2495"]
[PlyCount "60"]
[EventDate "2021.10.08"]
[EventType "team-tourn"]
[EventRounds "9"]
[EventCountry "SLO"]
[SourceTitle "EXT 2023"]
[Source "ChessBase"]
[SourceDate "2022.10.05"]
[SourceVersion "1"]
[SourceVersionDate "2022.10.05"]
[SourceQuality "1"]
[WhiteTeam "Domzale"]
[BlackTeam "Ljubljana Tajfun"]
[WhiteTeamCountry "SLO"]
[BlackTeamCountry "SLO"]

1. e4 e5 2. Nf3 Nc6 3. Bb5 a6 4. Bxc6 dxc6 5. 0-0 Bd6 6. d4 exd4 7. Qxd4 f6 8. c4 c5 9. Qe3 Ne7 10. Nc3 0-0 11. b3 Re8 12. Rd1 Bg4 13. Bb2 Nf5 14. Qd3 Nd4 15. Ne2 Bxf3 16. gxf3 Ne6 17. Kh1 Qe7 18. Qe3 Be5 19. Rab1 Rad8 20. Bc3 b6 21. Rbc1 Rd6 22. Rd5 Bxc3 23. Rxc3 Rxd5 24. exd5 Ng5 25. Nf4 Qd7 26. Qd2 Qf5 27. Re3 Re5 28. Rd3 Nh3 29. Nxh3 Qxh3 30. Qd1 Rg5 0-1

[Event "Ljubljana-chT 72nd Superliga"]
[Site "Ljubljana"]
[Date "2019.01.17"]
[Round "2.1"]
[White "Osolin, Bojan"]
[Black "Guid, Matej"]
[Result "1/2-1/2"]
[WhiteElo "2075"]
[BlackElo "2332"]
[PlyCount "76"]
[EventDate "2019.01.10"]
[EventType "team-tourn"]
[EventRounds "7"]
[EventCountry "SLO"]
[SourceTitle "EXT 2024"]
[Source "ChessBase"]
[SourceDate "2023.10.10"]
[SourceVersion "1"]
[SourceVersionDate "2023.10.10"]
[SourceQuality "1"]
[WhiteTeam "Domzale Tajfun"]
[BlackTeam "Mentor"]
[WhiteTeamCountry "SLO"]
[BlackTeamCountry "SLO"]

1. e4 c5 2. Nf3 Nc6 3. d4 cxd4 4. Nxd4 Nf6 5. Nc3 e5 6. Ndb5 d6 7. Bg5 a6 8. Na3 b5 9. Bxf6 gxf6 10. Nd5 f5 11. Bd3 Be6 12. 0-0 Bxd5 13. exd5 Ne7 14. c3 Bg7 15. Qh5 Qd7 16. Rae1 h6 17. f3 Nxd5 18. Qxf5 Qa7+ 19. Rf2 Ne7 20. Qh5 0-0 21. Nc2 f5 22. Ne3 Qd7 23. g4 f4 24. Nf5 Nxf5 25. Bxf5 Qf7 26. Qxf7+ Kxf7 27. Rd2 Ke7 28. Red1 Rfd8 29. Rd5 Rab8 30. Kf1 Bf6 31. Ke2 Rb6 32. Be4 Rh8 33. Bg6 Rc8 34. Be4 Rc4 35. Bd3 Rcc6 36. Be4 a5 37. R1d2 Rc7 38. a4 Rcb7 1/2-1/2

[Event "SLO-chT1 West"]
[Site "Slovenia"]
[Date "2018.10.28"]
[Round "9.5"]
[White "Osolin, Bojan"]
[Black "Ravnik, Franc"]
[Result "1-0"]
[WhiteElo "2085"]
[BlackElo "1887"]
[PlyCount "31"]
[EventDate "2018.09.28"]
[EventType "team-tourn"]
[EventRounds "9"]
[EventCountry "SLO"]
[SourceTitle "CBM 187 Extra"]
[Source "ChessBase"]
[SourceDate "2018.11.04"]
[SourceVersion "1"]
[SourceVersionDate "2018.11.04"]
[SourceQuality "1"]
[WhiteTeam "Domzale Tajfun"]
[BlackTeam "Jeenice Sij Acroni"]
[WhiteTeamCountry "SLO"]
[BlackTeamCountry "SLO"]

1. e4 c5 2. Nf3 b6 3. d4 cxd4 4. Nxd4 Bb7 5. Nc3 g6 6. Bc4 Bg7 7. 0-0 e6 8. Ndb5 Be5 9. f4 Bc7 10. f5 a6 11. fxe6 f6 12. Nd6+ Bxd6 13. Qxd6 b5 14. Nd5 Bxd5 15. Bxd5 Ra7 16. Be3 1-0

[Event "SLO-chT1 West"]
[Site "Slovenia"]
[Date "2018.10.12"]
[Round "4.3"]
[White "Osolin, Bojan"]
[Black "Belamaric, Goran"]
[Result "0-1"]
[WhiteElo "2085"]
[BlackElo "2141"]
[PlyCount "108"]
[EventDate "2018.09.28"]
[EventType "team-tourn"]
[EventRounds "9"]
[EventCountry "SLO"]
[SourceTitle "CBM 187 Extra"]
[Source "ChessBase"]
[SourceDate "2018.11.04"]
[SourceVersion "1"]
[SourceVersionDate "2018.11.04"]
[SourceQuality "1"]
[WhiteTeam "Domzale Tajfun"]
[BlackTeam "Piran"]
[WhiteTeamCountry "SLO"]
[BlackTeamCountry "SLO"]

1. e4 Nc6 2. d4 d5 3. exd5 Qxd5 4. Nf3 e5 5. Be3 Bg4 6. Nc3 Bb4 7. Be2 exd4 8. 0-0 Qh5 9. Nxd4 Bxe2 10. Ncxe2 Nge7 11. c3 Bd6 12. Ng3 Qxd1 13. Raxd1 Nxd4 14. Bxd4 f6 15. Ne4 Kf7 16. Nxd6+ cxd6 17. c4 Rhc8 18. b3 Rc6 19. Rfe1 Rd8 20. Re2 b6 21. Bb2 Rd7 22. f4 a6 23. Ba3 b5 24. c5 d5 25. Rde1 a5 26. b4 axb4 27. Bxb4 Ra6 28. Rb1 Nc6 29. Be1 Ra4 30. g3 Nd4 31. Reb2 Re7 32. Kf1 Rc4 33. Bf2 Nc2 34. Rxb5 Na3 35. f5 g6 36. R1b3 Nxb5 37. Rxb5 gxf5 38. Rb2 d4 39. Kg2 d3 40. Rd2 Rd7 41. Kf3 Ke6 42. h4 h5 43. Be3 Rc2 44. Rd1 Rxa2 45. c6 Rc7 46. Rxd3 Rxc6 47. Rb3 Rac2 48. Bd4 R2c4 49. Bb2 Kf7 50. Rb8 Rd6 51. Rb3 Rc2 52. Ke3 Kg6 53. Rb8 Rg2 54. Kf4 Rd5 0-1

[Event "Ljubljana-chT 71st"]
[Site "Ljubljana"]
[Date "2018.03.22"]
[Round "7.1"]
[White "Jeran, Bostjan"]
[Black "Osolin, Bojan"]
[Result "1/2-1/2"]
[WhiteElo "2197"]
[BlackElo "2078"]
[PlyCount "26"]
[EventDate "2018.01.11"]
[EventType "team-tourn"]
[EventRounds "9"]
[EventCountry "SLO"]
[SourceTitle "EXT 2020"]
[Source "ChessBase"]
[SourceDate "2019.10.17"]
[SourceVersion "1"]
[SourceVersionDate "2019.10.17"]
[SourceQuality "1"]
[WhiteTeam "Bor Dob"]
[BlackTeam "Domzale SD"]
[WhiteTeamCountry "SLO"]
[BlackTeamCountry "SLO"]

1. d4 d5 2. Nf3 Nf6 3. Bf4 Bf5 4. e3 e6 5. Be2 h6 6. Nbd2 Be7 7. Ne5 Nbd7 8. c4 dxc4 9. Bxc4 0-0 10. 0-0 c5 11. Ndf3 Nb6 12. Bd3 Nbd5 13. Bg3 Ne4 1/2-1/2

[Event "Ljubljana-chT 71st"]
[Site "Ljubljana"]
[Date "2018.03.08"]
[Round "5.1"]
[White "Rozman, Monika"]
[Black "Osolin, Bojan"]
[Result "1/2-1/2"]
[WhiteElo "2093"]
[BlackElo "2078"]
[PlyCount "80"]
[EventDate "2018.01.11"]
[EventType "team-tourn"]
[EventRounds "9"]
[EventCountry "SLO"]
[SourceTitle "EXT 2020"]
[Source "ChessBase"]
[SourceDate "2019.10.17"]
[SourceVersion "1"]
[SourceVersionDate "2019.10.17"]
[SourceQuality "1"]
[WhiteTeam "Kranj Gimnazija"]
[BlackTeam "Domzale SD"]
[WhiteTeamCountry "SLO"]
[BlackTeamCountry "SLO"]

1. f4 Nf6 2. Nf3 g6 3. d3 Bg7 4. g3 b6 5. Bg2 Bb7 6. e4 d6 7. 0-0 0-0 8. Nc3 c5 9. Qe1 e6 10. h3 Nc6 11. g4 Nd4 12. Qf2 Nd7 13. Be3 Nxf3+ 14. Bxf3 f5 15. Rae1 Rb8 16. Kh2 e5 17. exf5 gxf5 18. gxf5 Kh8 19. Ne4 exf4 20. Bxf4 Rxf5 21. Bxd6 Ne5 22. Bxe5 Bxe5+ 23. Kh1 Qc7 24. Qe2 Bg3 25. Bg2 Re5 26. Rd1 Rg8 27. Qf3 Re6 28. Qf7 Re7 29. Qf6+ Reg7 30. Rf5 Bh4 31. Qc3 Be7 32. Rdf1 Qc6 33. Rf7 Qg6 34. R1f2 Bxe4 35. dxe4 Bd6 36. Rxa7 Qg5 37. Rxg7 Rxg7 38. Qf6 Qg3 39. Qd8+ Rg8 40. Qf6+ Rg7 1/2-1/2

[Event "Ljubljana-chT 71st"]
[Site "Ljubljana"]
[Date "2018.01.26"]
[Round "3.2"]
[White "Osolin, Bojan"]
[Black "Lucovnik, Tilen"]
[Result "1-0"]
[WhiteElo "2078"]
[BlackElo "2094"]
[PlyCount "51"]
[EventDate "2018.01.11"]
[EventType "team-tourn"]
[EventRounds "9"]
[EventCountry "SLO"]
[SourceTitle "EXT 2020"]
[Source "ChessBase"]
[SourceDate "2019.10.17"]
[SourceVersion "1"]
[SourceVersionDate "2019.10.17"]
[SourceQuality "1"]
[WhiteTeam "Domzale SD"]
[BlackTeam "Komenda Popotnik"]
[WhiteTeamCountry "SLO"]
[BlackTeamCountry "SLO"]

1. e4 d6 2. d4 Nf6 3. Nc3 e5 4. Nf3 Nbd7 5. Bc4 Be7 6. dxe5 dxe5 7. 0-0 0-0 8. Qe2 c6 9. a4 Qa5 10. Be3 Qc7 11. h3 Nc5 12. Ng5 h6 13. Nxf7 Ne6 14. Nxe5 Qxe5 15. f4 Qc7 16. f5 Kh8 17. fxe6 Bb4 18. Bd4 Qe7 19. e5 Nh7 20. Ne4 Bxe6 21. c3 Bxc4 22. Qxc4 Qh4 23. Bf2 Rxf2 24. Rxf2 Bc5 25. Qxc5 Qxe4 26. Qe7 1-0

[Event "Ljubljana-chT 70th"]
[Site "Ljubljana"]
[Date "2017.03.23"]
[Round "9.1"]
[White "Osolin, Bojan"]
[Black "Kavcic, Zan"]
[Result "0-1"]
[WhiteElo "2091"]
[BlackElo "2299"]
[PlyCount "82"]
[EventDate "2017.01.12"]
[EventType "team-tourn"]
[EventRounds "9"]
[EventCountry "SLO"]
[SourceTitle "EXT 2019"]
[Source "ChessBase"]
[SourceDate "2018.10.10"]
[SourceVersion "1"]
[SourceVersionDate "2018.10.10"]
[SourceQuality "1"]
[WhiteTeam "Domzale"]
[BlackTeam "Vrhnika"]
[WhiteTeamCountry "SLO"]
[BlackTeamCountry "SLO"]

1. e4 c5 2. Nf3 Nc6 3. d4 cxd4 4. Nxd4 Nf6 5. Nc3 d6 6. Bc4 Qb6 7. Nxc6 bxc6 8. 0-0 g6 9. Be3 Qc7 10. f4 Bg7 11. Kh1 0-0 12. Qe2 Nxe4 13. Nxe4 d5 14. Nc3 dxc4 15. Qxc4 Be6 16. Qa4 Rab8 17. Rab1 Rb7 18. Bd4 Bxd4 19. Qxd4 Bf5 20. Qf2 Qa5 21. a3 Rd8 22. Rfe1 Rbd7 23. Red1 Rxd1+ 24. Rxd1 Rxd1+ 25. Nxd1 Bxc2 26. Ne3 Be4 27. h3 Qc5 28. Qd2 Bd5 29. Kh2 Qd6 30. g3 Qe6 31. Qf2 Qe4 32. g4 a5 33. Kg3 a4 34. Nd1 e5 35. fxe5 Qxe5+ 36. Qf4 Qe1+ 37. Nf2 Qg1+ 38. Kh4 h6 39. Qf6 Qg2 40. Qd4 Qf3 41. g5 Qh5+ 0-1

[Event "SLO-chT1 West"]
[Site "Slovenia"]
[Date "2016.12.11"]
[Round "9"]
[White "Jansa, Andrej"]
[Black "Osolin, Bojan"]
[Result "1/2-1/2"]
[WhiteElo "2003"]
[BlackElo "2121"]
[PlyCount "123"]
[EventDate "2016.11.11"]
[EventType "team-tourn"]
[EventRounds "9"]
[EventCountry "SLO"]
[SourceTitle "EXT 2018"]
[Source "ChessBase"]
[SourceDate "2017.10.13"]
[SourceVersion "1"]
[SourceVersionDate "2017.10.13"]
[SourceQuality "1"]
[WhiteTeam "Kocevje Inotherm"]
[BlackTeam "Domzale"]
[WhiteTeamCountry "SLO"]
[BlackTeamCountry "SLO"]

1. e4 e5 2. Nf3 Nc6 3. Bc4 Nf6 4. d3 Bc5 5. 0-0 a6 6. c3 Ba7 7. Bb3 h6 8. Nbd2 0-0 9. Nc4 Re8 10. Re1 d6 11. Ne3 Ne7 12. Nh4 d5 13. exd5 g5 14. Qf3 Kg7 15. Nhf5+ Nxf5 16. Nxf5+ Kg6 17. Ne3 g4 18. Qe2 b5 19. a4 Bd7 20. axb5 axb5 21. c4 h5 22. Nf1 Bxf2+ 23. Qxf2 Rxa1 24. Ng3 Ng8 25. Rf1 Rf8 26. d4 Rxc1 27. Rxc1 Qg5 28. Re1 exd4 29. Ne4 Qe7 30. c5 f5 31. Nd6 Qg5 32. Ne4 Qd8 33. Nd2 Re8 34. Rxe8 Qxe8 35. Qxd4 Nf6 36. Kf2 Qe7 37. Bc2 Kg5 38. b4 f4 39. Bd3 Qe3+ 40. Qxe3 fxe3+ 41. Kxe3 Nxd5+ 42. Kd4 Nxb4 43. Ne4+ Kg6 44. Bf1 Nc2+ 45. Kd3 Bf5 46. Kxc2 Bxe4+ 47. Kc3 g3 48. hxg3 Bc6 49. Kd4 Kf5 50. Be2 Kg5 51. Bf1 Kg4 52. Be2+ Kxg3 53. Bxh5 Kxg2 54. Be2 Kf2 55. Bd3 Kf3 56. Bf1 Kf2 57. Bd3 Kf3 58. Bf1 Kf4 59. Bd3 Be8 60. c6 Bxc6 61. Kc5 Bb7 62. Bxb5 1/2-1/2

[Event "SLO-chT1 West"]
[Site "Ljubljana"]
[Date "2015.11.29"]
[Round "9"]
[White "Debevec, Blaz"]
[Black "Osolin, Bojan"]
[Result "1/2-1/2"]
[WhiteElo "2149"]
[BlackElo "2116"]
[PlyCount "55"]
[EventDate "2015.10.16"]
[EventType "team-tourn"]
[EventRounds "9"]
[EventCountry "SLO"]
[SourceTitle "EXT 2019"]
[Source "ChessBase"]
[SourceDate "2018.10.10"]
[SourceVersion "1"]
[SourceVersionDate "2018.10.10"]
[SourceQuality "1"]
[WhiteTeam "Komenda"]
[BlackTeam "Domzale"]
[WhiteTeamCountry "SLO"]
[BlackTeamCountry "SLO"]

1. e4 e5 2. Nf3 Nc6 3. d4 exd4 4. Nxd4 Nf6 5. Nxc6 bxc6 6. e5 Qe7 7. Qe2 Nd5 8. c4 Nb6 9. Nc3 Qe6 10. Qe4 a5 11. Bd3 Ba6 12. b3 Bb4 13. Bd2 d5 14. exd6 cxd6 15. 0-0 Qxe4 16. Bxe4 d5 17. Bf3 0-0 18. a3 Bd6 19. Rfd1 dxc4 20. Be3 Be5 21. Bxb6 Bxc3 22. Rac1 Bb2 23. Rc2 Bxa3 24. bxc4 Rfc8 25. Bxa5 Bxc4 26. Rxc4 Rxa5 27. Rxc6 Rxc6 28. Bxc6 1/2-1/2

[Event "SLO-chT1 West"]
[Site "Ljubljana"]
[Date "2015.11.07"]
[Round "5"]
[White "Vidic, Miha"]
[Black "Osolin, Bojan"]
[Result "0-1"]
[WhiteElo "2105"]
[BlackElo "2116"]
[PlyCount "58"]
[EventDate "2015.10.16"]
[EventType "team-tourn"]
[EventRounds "9"]
[EventCountry "SLO"]
[SourceTitle "EXT 2019"]
[Source "ChessBase"]
[SourceDate "2018.10.10"]
[SourceVersion "1"]
[SourceVersionDate "2018.10.10"]
[SourceQuality "1"]
[WhiteTeam "Piran"]
[BlackTeam "Domzale"]
[WhiteTeamCountry "SLO"]
[BlackTeamCountry "SLO"]

1. d4 Nf6 2. Nf3 d5 3. c4 e6 4. Nc3 Bb4 5. cxd5 exd5 6. Bg5 h6 7. Bxf6 Qxf6 8. Qb3 Qb6 9. e3 0-0 10. Bd3 c6 11. 0-0 Bd6 12. Qc2 Re8 13. Rae1 Be6 14. Nd2 Nd7 15. f4 Nf6 16. Na4 Qc7 17. a3 a5 18. Rb1 Re7 19. Rfe1 Rae8 20. Nf3 Ne4 21. Bxe4 dxe4 22. Nd2 Kf8 23. Rec1 g5 24. g3 gxf4 25. gxf4 Bxf4 26. exf4 Qxf4 27. Qxe4 Qxd2 28. Rc2 Qg5+ 29. Qg2 Bf5 0-1

[Event "SLO-chT1 West"]
[Site "Ljubljana"]
[Date "2014.10.04"]
[Round "2"]
[White "Kovacic, Peter"]
[Black "Osolin, Bojan"]
[Result "1/2-1/2"]
[WhiteElo "2175"]
[BlackElo "2150"]
[PlyCount "28"]
[EventDate "2014.10.03"]
[EventType "team-tourn"]
[EventRounds "9"]
[EventCountry "SLO"]
[SourceTitle "EXT 2019"]
[Source "ChessBase"]
[SourceDate "2018.10.10"]
[SourceVersion "1"]
[SourceVersionDate "2018.10.10"]
[SourceQuality "1"]
[WhiteTeam "Tomo Zupan Vzajemna"]
[BlackTeam "Domzale"]
[WhiteTeamCountry "SLO"]
[BlackTeamCountry "SLO"]

1. Nc3 e5 2. e4 Nf6 3. Bc4 c6 4. Nf3 d5 5. exd5 e4 6. Qe2 cxd5 7. Bb5+ Nc6 8. d3 Bb4 9. Bd2 0-0 10. dxe4 dxe4 11. Bxc6 exf3 12. Bxf3 Re8 13. Be3 Qc7 14. 0-0 Be6 1/2-1/2

[Event "Ljubljana-chT 67th Superliga"]
[Site "Ljubljana"]
[Date "2014.03.06"]
[Round "6.2"]
[White "Osolin, Bojan"]
[Black "Debevec, Blaz"]
[Result "1/2-1/2"]
[WhiteElo "2181"]
[BlackElo "2163"]
[PlyCount "36"]
[EventDate "2014.01.09"]
[EventType "team-tourn"]
[EventRounds "9"]
[EventCountry "SLO"]
[SourceTitle "EXT 2022"]
[Source "ChessBase"]
[SourceDate "2021.10.06"]
[SourceVersion "1"]
[SourceVersionDate "2021.10.06"]
[SourceQuality "1"]
[WhiteTeam "Domzale SD"]
[BlackTeam "Komenda Popotnik"]
[WhiteTeamCountry "SLO"]
[BlackTeamCountry "SLO"]

1. e4 c5 2. Nf3 Nc6 3. d4 cxd4 4. Nxd4 g6 5. Nc3 Bg7 6. Be3 Nf6 7. Bc4 0-0 8. Bb3 d6 9. f3 Bd7 10. Qd2 Nxd4 11. Bxd4 b5 12. Qd3 b4 13. Ne2 Qc7 14. a3 a5 15. axb4 axb4 16. 0-0 e5 17. Be3 Be6 18. Rfd1 Bxb3 1/2-1/2

[Event "Ljubljana-chT 67th Superliga"]
[Site "Ljubljana"]
[Date "2014.02.13"]
[Round "5.1"]
[White "Osolin, Bojan"]
[Black "Peric, Bernard"]
[Result "1/2-1/2"]
[WhiteElo "2181"]
[BlackElo "2055"]
[PlyCount "72"]
[EventDate "2014.01.09"]
[EventType "team-tourn"]
[EventRounds "9"]
[EventCountry "SLO"]
[SourceTitle "EXT 2022"]
[Source "ChessBase"]
[SourceDate "2021.10.06"]
[SourceVersion "1"]
[SourceVersionDate "2021.10.06"]
[SourceQuality "1"]
[WhiteTeam "Domzale SD"]
[BlackTeam "Zagorje ob Savi"]
[WhiteTeamCountry "SLO"]
[BlackTeamCountry "SLO"]

1. e4 d5 2. exd5 Qxd5 3. Nc3 Qa5 4. d4 c6 5. Bc4 Nf6 6. Nf3 Bg4 7. h3 Bh5 8. Bd2 Qc7 9. g4 Bg6 10. Ne5 e6 11. Qe2 Nbd7 12. Nxg6 hxg6 13. g5 Nh5 14. d5 cxd5 15. Nxd5 Qe5 16. Qxe5 Nxe5 17. Bb5+ Kd8 18. Ba5+ b6 19. Bc3 f6 20. gxf6 exd5 21. Bxe5 gxf6 22. Bd4 Kc7 23. 0-0-0 Rd8 24. h4 Bc5 25. Rhg1 Rhg8 26. Be3 Bxe3+ 27. fxe3 f5 28. c4 dxc4 29. Rxd8 Kxd8 30. Bxc4 Rg7 31. Be2 Nf6 32. h5 Rc7+ 33. Kd1 gxh5 34. Rg5 Rc5 35. Bxh5 Ke7 36. Bf3 Ke6 1/2-1/2

[Event "Ljubljana-chT 67th Superliga"]
[Site "Ljubljana"]
[Date "2014.01.23"]
[Round "3.2"]
[White "Brcar, Ales"]
[Black "Osolin, Bojan"]
[Result "1-0"]
[WhiteElo "2035"]
[BlackElo "2181"]
[PlyCount "47"]
[EventDate "2014.01.09"]
[EventType "team-tourn"]
[EventRounds "9"]
[EventCountry "SLO"]
[SourceTitle "EXT 2022"]
[Source "ChessBase"]
[SourceDate "2021.10.06"]
[SourceVersion "1"]
[SourceVersionDate "2021.10.06"]
[SourceQuality "1"]
[WhiteTeam "Mentor"]
[BlackTeam "Domzale SD"]
[WhiteTeamCountry "SLO"]
[BlackTeamCountry "SLO"]

1. d4 d5 2. c4 e6 3. Nc3 Be7 4. Nf3 Nf6 5. cxd5 exd5 6. Bg5 h6 7. Bh4 c6 8. Qc2 g6 9. e3 Bf5 10. Qb3 Qb6 11. Qxb6 axb6 12. Be2 b5 13. 0-0 Nbd7 14. Nd2 Nb6 15. f3 Be6 16. b3 b4 17. Nd1 Ra7 18. Nb2 Ne4 19. Bxe7 Nxd2 20. Bc5 Nxf1 21. Bxb6 Ra3 22. Kxf1 0-0 23. Bc5 Rfa8 24. Na4 1-0

[Event "Ljubljana-chT 67th Superliga"]
[Site "Ljubljana"]
[Date "2014.01.09"]
[Round "1.2"]
[White "Osolin, Bojan"]
[Black "Groselj, Petra"]
[Result "1/2-1/2"]
[WhiteElo "2181"]
[BlackElo "2116"]
[PlyCount "28"]
[EventDate "2014.01.09"]
[EventType "team-tourn"]
[EventRounds "9"]
[EventCountry "SLO"]
[SourceTitle "EXT 2022"]
[Source "ChessBase"]
[SourceDate "2021.10.06"]
[SourceVersion "1"]
[SourceVersionDate "2021.10.06"]
[SourceQuality "1"]
[WhiteTeam "Domzale SD"]
[BlackTeam "Domzale SD"]
[WhiteTeamCountry "SLO"]
[BlackTeamCountry "SLO"]

1. c4 Nf6 2. Nc3 g6 3. Nf3 Bg7 4. g3 d6 5. Bg2 0-0 6. 0-0 Nc6 7. e4 a6 8. Re1 Nd7 9. d4 e5 10. Be3 Re8 11. Qd2 exd4 12. Nxd4 Nde5 13. b3 Nxd4 14. Bxd4 Qf6 1/2-1/2

[Event "SLO-chT1 West"]
[Site "Ljubljana"]
[Date "2013.10.26"]
[Round "8"]
[White "Osolin, Bojan"]
[Black "Kosmac, Blaz"]
[Result "1/2-1/2"]
[WhiteElo "2180"]
[BlackElo "2154"]
[PlyCount "89"]
[EventDate "2013.09.27"]
[EventType "team-tourn"]
[EventRounds "9"]
[EventCountry "SLO"]
[SourceTitle "EXT 2019"]
[Source "ChessBase"]
[SourceDate "2018.10.10"]
[SourceVersion "1"]
[SourceVersionDate "2018.10.10"]
[SourceQuality "1"]
[WhiteTeam "Domzale"]
[BlackTeam "Kranj Tomo Zupan"]
[WhiteTeamCountry "SLO"]
[BlackTeamCountry "SLO"]

1. e4 c5 2. Nf3 e6 3. d4 cxd4 4. Nxd4 Nc6 5. Nc3 Qc7 6. f4 a6 7. Nxc6 Qxc6 8. Bd3 b5 9. Qe2 Bb7 10. Bd2 Nf6 11. e5 b4 12. exf6 bxc3 13. Bxc3 gxf6 14. 0-0-0 Be7 15. Rhg1 Qa4 16. Kb1 Bd5 17. b3 Qxf4 18. Rgf1 Qg5 19. Be4 Bxe4 20. Qxe4 Rc8 21. Rd3 Qb5 22. Bxf6 Bxf6 23. Rxf6 Qc6 24. Qe2 Rg8 25. Rdf3 Rg7 26. c4 d5 27. R3f4 Rc7 28. g3 Rg6 29. R6f5 dxc4 30. Rxc4 Qb6 31. Rff4 Rg5 32. Rxc7 Qxc7 33. Qxa6 Rc5 34. Qa4+ Ke7 35. Rc4 Rxc4 36. Qxc4 Qb6 37. Kb2 Qf2+ 38. Qc2 Qd4+ 39. Ka3 Qa7+ 40. Kb4 Qb6+ 41. Kc4 Qc6+ 42. Kd3 Qf3+ 43. Kd4 Kf6 44. Qxh7 e5+ 45. Kc4 1/2-1/2

[Event "Ljubljana-chT 66th Superliga"]
[Site "Ljubljana"]
[Date "2013.03.14"]
[Round "8.1"]
[White "Borisek, Anze"]
[Black "Osolin, Bojan"]
[Result "0-1"]
[WhiteElo "1936"]
[BlackElo "2180"]
[PlyCount "68"]
[EventDate "2013.01.10"]
[EventType "team-tourn"]
[EventRounds "9"]
[EventCountry "SLO"]
[SourceTitle "EXT 2022"]
[Source "ChessBase"]
[SourceDate "2021.10.06"]
[SourceVersion "1"]
[SourceVersionDate "2021.10.06"]
[SourceQuality "1"]
[WhiteTeam "Podpec"]
[BlackTeam "Domzale SD"]
[WhiteTeamCountry "SLO"]
[BlackTeamCountry "SLO"]

1. f4 Nf6 2. Nf3 c5 3. b3 g6 4. Bb2 Bg7 5. e3 Nc6 6. Be2 d6 7. 0-0 0-0 8. a4 b6 9. Qe1 e5 10. fxe5 Ng4 11. Nc3 d5 12. e4 dxe4 13. Nxe4 Ngxe5 14. Nxe5 Nxe5 15. Rb1 Bb7 16. Bxe5 Bxe5 17. d3 Re8 18. Kh1 f5 19. Nd2 Bc3 20. Qd1 Bxg2+ 21. Kxg2 Qg5+ 22. Kh1 Bxd2 23. Bf3 Rad8 24. Bg2 Re5 25. Qf3 Rde8 26. Qc6 Re2 27. Rf2 Rxf2 28. Qxe8+ Kg7 29. Qe5+ Kh6 30. Qd5 Bf4 31. Rf1 Qh4 32. h3 Qg3 33. Kg1 Be3 34. Rxf2 Qxf2+ 0-1

[Event "SLO-chT1 West"]
[Site "Ljubljana"]
[Date "2012.10.14"]
[Round "9.4"]
[White "Suc, Timothy"]
[Black "Osolin, Bojan"]
[Result "0-1"]
[WhiteElo "2135"]
[BlackElo "2176"]
[PlyCount "138"]
[EventDate "2012.09.21"]
[EventType "team-tourn"]
[EventRounds "9"]
[EventCountry "SLO"]
[SourceTitle "EXT 2022"]
[Source "ChessBase"]
[SourceDate "2021.10.06"]
[SourceVersion "1"]
[SourceVersionDate "2021.10.06"]
[SourceQuality "1"]
[WhiteTeam "Piran"]
[BlackTeam "Domzale SD"]
[WhiteTeamCountry "SLO"]
[BlackTeamCountry "SLO"]

1. c4 c5 2. Nf3 Nf6 3. Nc3 d5 4. cxd5 Nxd5 5. e4 Nxc3 6. bxc3 g6 7. d4 Bg7 8. Rb1 0-0 9. Be2 Qc7 10. 0-0 b6 11. Qb3 Bb7 12. d5 c4 13. Qxc4 Qxc4 14. Bxc4 Rc8 15. Bb3 Ba6 16. Rd1 Be2 17. Rd2 Bxf3 18. gxf3 Nd7 19. Ba3 Ne5 20. Kg2 Rxc3 21. Bb2 Nxf3 22. Bxc3 Bxc3 23. Rdd1 Nd2 24. Rbc1 Bb4 25. e5 Nxb3 26. axb3 Bc5 27. Rc4 a5 28. d6 Kf8 29. Rc3 Rb8 30. Rcd3 Ke8 31. f4 exd6 32. exd6 Kd7 33. Re1 Re8 34. Rxe8 Kxe8 35. d7+ Kd8 36. Kf3 b5 37. Ke4 Be7 38. Rd5 a4 39. bxa4 bxa4 40. Kd3 a3 41. Kc2 f5 42. Kb3 Kc7 43. Rd1 Kd8 44. Rd3 Bf8 45. Rd1 Be7 46. Kc4 Bf6 47. Kb3 Be7 48. Rd2 Bf8 49. Ka2 Bb4 50. Rd4 Be7 51. Kb1 Kc7 52. Kc2 Kd8 53. Kd1 Bc5 54. Rc4 Bd6 55. Ke2 Kxd7 56. Kf3 Ke6 57. Ke3 h6 58. h3 g5 59. fxg5 hxg5 60. Kd3 Kd5 61. Ra4 Bc5 62. Ke2 Kc6 63. Kf3 Kb5 64. Ra8 Kb4 65. Rb8+ Kc4 66. Ra8 Kb3 67. h4 gxh4 68. Kf4 a2 69. Kxf5 h3 0-1